[Event "Witney op-B 10th"]
[Site "Witney"]
[Date "2023.11.04"]
[Round "2"]
[White "Holmes, Matthew A"]
[Black "George, Richard M"]
[Result "0-1"]
[WhiteElo "1810"]
[BlackElo "1900"]
[PlyCount "112"]
[EventDate "2023.11.04"]
[EventType "swiss"]
[EventRounds "5"]
[EventCountry "ENG"]
[SourceTitle "CB46_2023"]
[SourceDate "2023.11.15"]
[SourceVersion "1"]
[SourceVersionDate "2023.11.15"]
[SourceQuality "1"]

1. d4 d5 2. c4 c6 3. cxd5 cxd5 4. Nc3 Nf6 5. Bf4 Nc6 6. e3 e6 7. Nf3 Bd6 8. Bg5 h6 9. Bh4 0-0 10. Rc1 Bd7 11. Bd3 Rc8 12. 0-0 Re8 13. a3 Qe7 14. Rc2 g5 15. Bg3 Bxg3 16. hxg3 e5 17. Nxe5 Nxe5 18. dxe5 Qxe5 19. Nb5 Rxc2 20. Qxc2 Rc8 21. Qb3 a6 22. Nd4 b5 23. Rb1 Ne4 24. Nf3 Qe6 25. Qd1 Nd6 26. Nd4 Qe5 27. b3 Ne4 28. Rc1 Rxc1 29. Qxc1 Qd6 30. b4 Kg7 31. Nb3 f5 32. Qb2+ Qf6 33. Qxf6+ Kxf6 34. Bxe4 dxe4 35. Nc5 Bc8 36. g4 fxg4 37. Nxe4+ Ke5 38. Nc5 Kd5 39. e4+ Kd4 40. Kf1 a5 41. Nb3+ Kxe4 42. Nxa5 Kd3 43. Nc6 Kc3 44. Ke2 Bb7 45. Ne5 h5 46. g3 Kb3 47. Kd3 Bf3 48. Nxf3 gxf3 49. Ke4 g4 50. Kd4 Kxa3 51. Kc3 h4 52. gxh4 g3 53. fxg3 f2 54. h5 f1Q 55. h6 Qf3+ 56. Kc2 Qxg3 0-1

[Event "Leamington Spa 4NCL op-B 28th"]
[Site "Leamington Spa"]
[Date "2022.07.08"]
[Round "1"]
[White "Brocklehurst, Andrew"]
[Black "Holmes, Matthew A"]
[Result "1-0"]
[WhiteElo "1987"]
[BlackElo "1784"]
[PlyCount "87"]
[EventDate "2022.07.08"]
[EventType "swiss"]
[EventRounds "5"]
[EventCountry "ENG"]
[SourceTitle "CBM 209 Extra"]
[Source "ChessBase"]
[SourceDate "2022.09.30"]
[SourceVersion "1"]
[SourceVersionDate "2022.09.30"]
[SourceQuality "1"]

1. e4 e6 2. d4 d5 3. e5 c5 4. c3 Nc6 5. Nf3 Bd7 6. Bd3 cxd4 7. cxd4 Qb6 8. 0-0 Nxd4 9. Nxd4 Qxd4 10. Nc3 a6 11. Re1 Ne7 12. Be3 Qb4 13. a3 Qxb2 14. Na4 Bxa4 15. Qxa4+ Nc6 16. Reb1 Qxe5 17. Ra2 Bd6 18. Rxb7 Qxh2+ 19. Kf1 0-0 20. Qxc6 Rac8 21. Qxa6 Bf4 22. Rc2 Qh5 23. Ke1 Rxc2 24. Bxc2 Qh1+ 25. Qf1 Qh6 26. Bxf4 Qxf4 27. Qd3 g6 28. Rb1 h5 29. g3 Qf6 30. Kf1 h4 31. Kg2 hxg3 32. fxg3 d4 33. a4 Ra8 34. Rf1 Qe7 35. Qxd4 Rd8 36. Qe4 Rd2+ 37. Rf2 Rd5 38. Bb3 Ra5 39. Rc2 Kh7 40. Rc1 Qa3 41. Rh1+ Kg8 42. Qc2 Rc5 43. Qd2 Rc8 44. Qd4 1-0